Statistiken für Katastralgemeinden von Waidhofen an der Ybbs auf einer Karte

Klicken Sie hier um das Quiz zu spielen!

Allgemein

  • Dieses Quiz wurde 51 mal gespielt
  • Das Durchschnittsergebnis liegt bei 4 aus 10

Antworten auf der Karte

Die Antworten werden auf der Karte rot bzw. grün angezeigt, abhängig davon wie oft sie richtig erraten wurden.
 

Antwortstatistiken

EinwohnerKatastralgemeinde% Korrekt
3.665Waidhofen an der Ybbs
80%
546St. Georgen in der Klaus
60%
1.127Zell Arzberg
60%
1.528Zell Markt
60%
619Konradsheim
40%
616Rien
40%
471St. Leonhard am Walde
40%
275Kreilhof
20%
1.713Windhag
20%
532Wirts
20%

Verteilung der Resultate

Perzentil nach korrekt beantworteten Fragen

Anzahl Personen mit jedem Resultat

Ihre Resultats-Entwicklung

Sie haben dieses Quiz noch nicht gespielt